| 000 | 00687nam a2200217Ia 4500 | ||
|---|---|---|---|
| 001 | 17803 | ||
| 003 | GE_BSU | ||
| 008 | 181216s||||||||xx |||||||||||||| ||und|| | ||
| 040 | _cGE_BSU | ||
| 080 | _a628.15 | ||
| 100 | _aТорочешников,Н.С. Родионов,А.И. Кельцев,Н.В. Клушин,В.Н. | ||
| 245 | _aТехника защиты окружающей среды. | ||
| 245 | _bУчебное пособие. | ||
| 245 | _cРед. М.В.Миникс. | ||
| 260 | _aМ. | ||
| 260 | _bХимия. | ||
| 260 | _c1981. | ||
| 300 | _a368 стр. с илл. 21 см. | ||
| 653 | _aТехника защиты окружающей среды. | ||
| 942 | _cBK | ||
| 999 |
_c50848 _d50848 |
||